El derecho de superficie

Salvato in:
Dettagli Bibliografici
Autore principale: Borzutzky Arditi, Alejandro (Autore)
Natura: Libro
Lingua:spagnolo
Pubblicazione: Santiago Andrés Bello 1972
Soggetti:
Tags: Aggiungi Tag
Nessun Tag, puoi essere il primo ad aggiungerne!!

MARC

LEADER 00000nam a2200000 a 4500
001 UCS1332
003 CL-VaPUC
008 970509e19720000CL |||||||||||||||||spa|d
082 0 4 |a 346.043  |b BOR  |2 21 
100 0 |a Borzutzky Arditi, Alejandro  |e author  |9 385697 
245 1 3 |a El derecho de superficie 
300 |a 230 p 
942 |c BK 
945 |d 19970509 00:00:00  |a paguirre 
260 |a Santiago  |b Andrés Bello  |c 1972 
650 0 |a Derecho civil  |9 255013 
650 0 |a Propiedad   |9 255268 
650 7 |a DERECHO DE SUPERFICIE  |2 CL-VaPUC  |9 385698 
650 0 |a Derecho romano  |9 255930 
650 0 |a Derecho comparado  |9 255664 
650 0 |a Bienes  |9 255749 
651 7 |a CHILE  |2 CL-VaPUC  |9 385699 
583 |a last modification  |c 19970509 00:00:00  |k Rodrigo Vera 
999 |c 259428  |d 259426 
952 |0 0  |1 0  |4 0  |6 346_043000000000000_BOR_1972  |7 0  |8 P  |9 284153  |a BIBDER  |b BIBDER  |d 2019-11-19  |i 1845268  |o 346.043 BOR 1972  |p 1845268  |r 2023-01-25  |w 2019-11-19  |y BK  |k DER